Statistics for Who Directed That Movie #2

Click here to take the quiz!

General Stats

  • This quiz has been taken 9,557 times
  • The average score is 12 of 22

Answer Stats

MoviesDirector% Correct
Avatar; TitanicJames Cameron
94%
Star Wars; American GraffitiGeorge Lucas
90%
Million Dollar Baby; Gran TorinoClint Eastwood
88%
The Departed; GoodfellasMartin Scorsese
88%
Edward Scissorhands; BatmanTim Burton
81%
Annie Hall; Midnight in ParisWoody Allen
77%
Citizen Kane; Touch of EvilOrson Welles
66%
Dances with Wolves; Open RangeKevin Costner
61%
Do the Right Thing, Malcolm XSpike Lee
61%
The Pianist; ChinatownRoman Polanski
51%
Apollo 13; The Da Vinci CodeRon Howard
51%
Slumdog Millionaire; TrainspottingDanny Boyle
50%
Spider-Man; The Evil DeadSam Raimi
50%
That Thing You Do!; Larry CrowneTom Hanks
45%
Seven Samurai; YojimboAkira Kurosawa
44%
The Horse Whisperer;
A River Runs Through It
Robert Redford
41%
Life is Beautiful; PinocchioRoberto Benigni
37%
Iron Man; MadeJon Favreau
36%
Where the Wild Things Are;
Being John Malkovich
Spike Jonze
36%
It's a Wonderful Life;
Mr. Smith Goes to Washington
Frank Capra
35%
The Ten Commandments;
Cleopatra
Cecil B. DeMille
25%
Best in Show; A Mighty WindChristopher Guest
19%

Score Distribution

Percentile by Number Answered

Percent of People with Each Score

Your Score History

You have not taken this quiz